[Event "AUTO-MASTER-53"]
[Site "http://www.queenalice.com/game.php?id=32268"]
[Date "2005.10.8"]
[Round "1"]
[White "ovidiubar"]
[Black "barron6469"]
[Result "1-0"]
[WhiteElo "1651"]
[BlackElo "1745"]

1. d4 Nf6 2. c4 e6 3. Nc3 c5 4. e3 d5 5. Nf3 Nc6 6. Be2 Be7 7. O-O O-O 8. Bd2 b6
9. cxd5 exd5 10. Qc2 Bb7 11. dxc5 Bxc5 12. Qf5 d4 13. exd4 Bxd4 14. Rfe1 Ne7 15.
Qg5 h6 16. Qg3 Ng6 17. Rad1 Ne4 18. Nxe4 Bxe4 19. Be3 1-0

[Event "AUTO-MASTER-53"]
[Site "http://www.queenalice.com/game.php?id=32279"]
[Date "2005.10.8"]
[Round "1"]
[White "Nephi_R"]
[Black "ovidiubar"]
[Result "1/2-1/2"]
[WhiteElo "1806"]
[BlackElo "1848"]

1. e4 e5 2. Nf3 Nc6 3. Bb5 Nf6 4. O-O d6 5. Re1 Be7 6. c3 O-O 7. d3 Bd7 8. Nbd2
a6 9. Ba4 Qc8 10. Nf1 b5 11. Bb3 Na5 12. Bc2 c5 13. Bg5 h6 14. Bd2 Be6 15. Ne3
Nc6 16. h3 Rb8 17. b3 b4 18. Nh2 bxc3 19. Bxc3 Nd4 20. Nc4 Qb7 21. Bxd4 cxd4 22.
Rf1 Nd7 23. f4 exf4 24. Rxf4 Bg5 25. Rf1 d5 26. exd5 Bxd5 27. Nf3 Be3+ 28. Nxe3
dxe3 29. d4 Rfe8 30. Bd3 Nf6 31. Re1 Rbd8 32. Qe2 Bxf3 33. Qxf3 Qxf3 34. gxf3
Rxd4 1/2-1/2

[Event "AUTO-MASTER-53"]
[Site "http://www.queenalice.com/game.php?id=32280"]
[Date "2005.10.8"]
[Round "1"]
[White "ovidiubar"]
[Black "Nephi_R"]
[Result "1-0"]
[WhiteElo "1805"]
[BlackElo "1795"]

1. d4 Nf6 2. c4 e6 3. Nc3 Bb4 4. Qc2 b6 5. e3 O-O 6. Nf3 Bb7 7. Be2 d5 8. Bd2
Nbd7 9. O-O Be7 10. cxd5 exd5 11. Qf5 c6 12. Bd3 Bc8 13. Bc2 Nc5 14. Qf4 Ne6 15.
Qg3 h6 16. Ne5 Bd6 17. Nxc6 Bxg3 18. Nxd8 Bxh2+ 19. Kxh2 Rxd8 20. a4 Ba6 21.
Rfc1 Rac8 22. a5 b5 23. Bd3 Rb8 24. f3 Ng5 25. Na2 Bc8 26. Nb4 Bd7 27. Rc7 Ra8
28. a6 Be8 29. Rac1 g6 30. Nc6 Bxc6 31. R1xc6 Ne6 32. Rb7 Rdb8 33. Bxg6 1-0

[Event "Let's Play Chess!"]
[Site "http://www.queenalice.com/game.php?id=34251"]
[Date "2005.10.21"]
[Round "-"]
[White "ovidiubar"]
[Black "mrcoelho"]
[Result "1-0"]
[WhiteElo "1684"]
[BlackElo "1826"]

1. e4 e5 2. Nf3 Nc6 3. Bc4 Nf6 4. Nc3 Bc5 5. O-O Ng4 6. h3 h5 7. Nd5 d6 8. d3
Nh6 9. c3 f6 10. d4 Bb6 11. dxe5 dxe5 12. Nh4 Nf7 13. Ng6 Rh7 14. Nxb6 Qxd1 15.
Rxd1 axb6 16. Be3 Nd6 17. Bg8 Rh6 18. Bxh6 gxh6 19. Bd5 Bd7 20. Rd2 O-O-O 21.
Rad1 Be8 22. Nf8 Bf7 23. Nh7 Nc4 24. Bxc4 Rxd2 25. Rxd2 Bxc4 26. b3 Bg8 27. Nxf6
Bf7 28. Rd7 Be6 29. Rh7 Nd8 30. Rxh6 1-0

[Event "Let's Play Chess!"]
[Site "http://www.queenalice.com/game.php?id=34252"]
[Date "2005.10.21"]
[Round "-"]
[White "tpstar"]
[Black "ovidiubar"]
[Result "0-1"]
[WhiteElo "1954"]
[BlackElo "1597"]

1. e4 e5 2. Nf3 Nc6 3. Bb5 a6 4. Ba4 Nf6 5. Qe2 Bc5 6. c3 d6 7. d4 exd4 8. cxd4
Bb4+ 9. Bd2 Bxd2+ 10. Nbxd2 Bd7 11. d5 Ne5 12. Bxd7+ Qxd7 13. Nd4 O-O 14. f4 Ng6
15. O-O Rfe8 16. Qd3 Qg4 17. g3 Qh3 18. Rac1 Rac8 19. Rc3 Qg4 20. Nf5 Qh3 21.
Qf3 Nxe4 22. Nh6+ Qxh6 23. Nxe4 Ne7 24. Rd1 Qg6 25. Nf2 Nf5 26. Kh1 Re7 27. Rdc1
Nd4 28. Qd3 Ne2 29. Rxc7 Rexc7 30. Rxc7 Nxg3+ 31. hxg3 Rxc7 32. Qe3 Kf8 33. Kg2
Qf5 0-1

[Event "AUTO-MASTER-88"]
[Site "http://www.queenalice.com/game.php?id=46328"]
[Date "2006.1.4"]
[Round "1"]
[White "Francisco"]
[Black "ovidiubar"]
[Result "0-1"]
[WhiteElo "1925"]
[BlackElo "1718"]

1. e4 e5 2. Nf3 Nc6 3. Bb5 a6 4. Ba4 Nf6 5. O-O Be7 6. Re1 b5 7. Bb3 d6 8. c3
O-O 9. h3 Na5 10. Bc2 c5 11. d4 cxd4 12. cxd4 Qc7 13. dxe5 dxe5 14. a3 Rd8 15.
Qe2 Be6 16. Nc3 h6 17. Be3 Bc4 0-1

[Event "AUTO-MASTER-88"]
[Site "http://www.queenalice.com/game.php?id=46329"]
[Date "2006.1.4"]
[Round "1"]
[White "ovidiubar"]
[Black "Francisco"]
[Result "1-0"]
[WhiteElo "1824"]
[BlackElo "1953"]

1. d4 Nf6 2. c4 g6 3. Nc3 Bg7 4. Nf3 d6 5. e4 O-O 6. h3 Nbd7 7. Be2 c5 8. O-O b6
9. e5 Ne8 10. Bg5 dxe5 11. Nxe5 f6 12. Nc6 Qc7 13. Nxe7+ Kh8 14. Ncd5 Qb7 15.
Bf4 cxd4 16. Qxd4 f5 17. Qe3 Bxb2 18. Bf3 Qa6 19. Rab1 1-0

[Event "AUTO-MASTER-88"]
[Site "http://www.queenalice.com/game.php?id=46344"]
[Date "2006.1.4"]
[Round "1"]
[White "chessdeviant"]
[Black "ovidiubar"]
[Result "0-1"]
[WhiteElo "1756"]
[BlackElo "1787"]

1. e4 e5 2. Nf3 Nf6 3. Bc4 Nc6 4. d3 d6 5. h3 Be7 6. Nc3 Na5 7. Bb3 O-O 8. Bg5
Nxb3 9. axb3 c6 10. O-O Be6 11. Nh2 h6 12. Bh4 a5 13. f4 exf4 14. Rxf4 g5 15.
Rxf6 Bxf6 16. Be1 d5 17. exd5 cxd5 18. Ne2 Bxb2 19. Rb1 Bg7 20. Nf3 g4 21. hxg4
Bxg4 22. Nh2 Bh5 23. Qd2 Bxe2 24. Qxe2 Re8 25. Qg4 Rc8 26. Bd2 Rxc2 27. Bxh6
Qb6+ 0-1

[Event "AUTO-MASTER-88"]
[Site "http://www.queenalice.com/game.php?id=46345"]
[Date "2006.1.4"]
[Round "1"]
[White "ovidiubar"]
[Black "chessdeviant"]
[Result "1-0"]
[WhiteElo "1767"]
[BlackElo "1734"]

1. d4 c6 2. e4 d5 3. e5 g6 4. Nf3 Bg4 5. Be2 Bxf3 6. Bxf3 Bg7 7. O-O e6 8. c3
Nd7 9. Re1 Ne7 10. Nd2 Nf5 11. Qb3 Qc7 12. Qa3 h5 13. h3 g5 14. Nf1 Qd8 15. Qb3
Nb6 16. a4 a5 17. Bxg5 Qxg5 18. Qxb6 Nh4 19. Re3 Nf5 20. Qxb7 O-O 21. Rd3 Ne7
22. Bxh5 Rfb8 23. Bxf7+ Kxf7 24. Qd7 Rd8 25. Rf3+ Kg8 26. Qxe6+ Kh7 27. Rg3 1-0

[Event "AUTO-MASTER-88"]
[Site "http://www.queenalice.com/game.php?id=46356"]
[Date "2006.1.4"]
[Round "1"]
[White "ovidiubar"]
[Black "Mayaune"]
[Result "1-0"]
[WhiteElo "1846"]
[BlackElo "1569"]

1. d4 d5 2. c4 dxc4 3. e3 Nf6 4. Nf3 Bg4 5. Bxc4 Nc6 6. Nc3 e6 7. O-O Bd6 8. e4
Ne7 9. e5 Bxe5 10. dxe5 Qxd1 11. Rxd1 Nh5 12. Be2 Nf4 13. Bxf4 O-O 14. Rd7 Nd5
15. Nxd5 exd5 16. Rxc7 b6 17. h3 Bh5 18. Rd1 Rfd8 19. g4 Bg6 20. Ba6 f5 21. e6
fxg4 22. hxg4 Be4 23. Ne5 Rd6 24. f3 Bxf3 25. Nxf3 Rxe6 26. Bb7 Rf8 27. Bxd5 h6
28. Bxe6+ Kh8 29. Rdd7 1-0

[Event "AUTO-MASTER-88"]
[Site "http://www.queenalice.com/game.php?id=46357"]
[Date "2006.1.4"]
[Round "1"]
[White "Mayaune"]
[Black "ovidiubar"]
[Result "0-1"]
[WhiteElo "1604"]
[BlackElo "1753"]

1. e4 e5 2. Nf3 Nc6 3. Bc4 Nf6 4. O-O Be7 5. Nc3 d6 6. h3 O-O 7. d3 Na5 8. Nd5
Nxc4 9. Nxf6+ Bxf6 10. dxc4 Be6 11. b3 h6 12. Be3 c6 13. Qd3 d5 14. Rad1 d4 15.
Bc1 c5 16. Ba3 Qa5 17. Bc1 Qxa2 18. Bd2 b5 19. cxb5 c4 20. Qe2 Qxc2 0-1

[Event "AUTO-MASTER-53"]
[Site "http://www.queenalice.com/game.php?id=54257"]
[Date "2006.2.22"]
[Round "2"]
[White "mustang"]
[Black "ovidiubar"]
[Result "1-0"]
[WhiteElo "2070"]
[BlackElo "1855"]

1. e4 e6 2. Nf3 d5 3. Nc3 dxe4 4. Nxe4 Nf6 5. Nxf6+ Qxf6 6. d4 h6 7. Bd3 Bd6 8.
O-O O-O 9. Qe2 Bd7 10. Qe4 Rd8 11. Ne5 Bc6 12. Qh7+ Kf8 13. f4 Nd7 14. g4 g6 15.
Qxh6+ Ke7 16. g5 Qh8 17. Nxc6+ bxc6 18. Qxh8 Rxh8 19. Be4 Rab8 20. Bxc6 Rb6 21.
Bg2 c5 22. d5 Rh4 23. dxe6 fxe6 24. b3 Rb4 25. c4 Rb8 26. Bd2 Rf8 27. Rae1 Bxf4
28. Bxf4 Rhxf4 29. Rxf4 Rxf4 30. Re4 e5 31. h4 Ke6 32. Bh3+ Kd6 33. Rxf4 exf4
34. Bxd7 Kxd7 35. Kg2 1-0

[Event "AUTO-MASTER-53"]
[Site "http://www.queenalice.com/game.php?id=54258"]
[Date "2006.2.22"]
[Round "2"]
[White "ovidiubar"]
[Black "mustang"]
[Result "0-1"]
[WhiteElo "1852"]
[BlackElo "2070"]

1. g3 e5 2. Bg2 d5 3. d3 Nc6 4. Nf3 f6 5. O-O Be6 6. e3 Nh6 7. e4 dxe4 8. dxe4
Nf7 9. Be3 Bb4 10. Qe2 Nd6 11. b3 O-O 12. Rd1 Qe7 13. a3 Ba5 14. c4 Qf7 15. c5
Bxb3 16. cxd6 Bxd1 17. Qxd1 Rfd8 18. Qc2 Rxd6 19. Bf1 Kh8 20. Bc4 Qg6 21. Nh4
Qg4 22. Be2 Qh3 23. Nf5 Rd7 24. Bf1 Qg4 25. f3 Qh5 26. Be2 Qe8 27. Bb5 Rad8 28.
Nc3 g6 29. Nd5 Qe6 30. Nh6 Kg7 31. Ng4 f5 32. Nf2 Rd6 33. Bc4 Nd4 34. Qa4 Nxf3+
35. Kg2 b5 36. Qxb5 c6 37. Qxa5 cxd5 38. exd5 Qf6 39. Kxf3 e4+ 40. Kg2 Qxa1 0-1

[Event "AUTO-MASTER-53"]
[Site "http://www.queenalice.com/game.php?id=54261"]
[Date "2006.2.22"]
[Round "2"]
[White "kapilgain"]
[Black "ovidiubar"]
[Result "1-0"]
[WhiteElo "2090"]
[BlackElo "1845"]

1. d4 g6 2. e4 Bg7 3. Be3 Nf6 4. f3 d6 5. Nc3 a6 6. Qd2 O-O 7. Bc4 b5 8. Bb3 Bb7
9. Nge2 Nbd7 10. h4 c5 11. a3 Rc8 12. h5 Nxh5 13. g4 1-0

[Event "AUTO-MASTER-53"]
[Site "http://www.queenalice.com/game.php?id=54262"]
[Date "2006.2.22"]
[Round "2"]
[White "ovidiubar"]
[Black "kapilgain"]
[Result "0-1"]
[WhiteElo "1839"]
[BlackElo "2096"]

1. g3 d5 2. Bg2 e5 3. d3 c5 4. Nf3 Nc6 5. O-O Be7 6. e4 Nf6 7. Nbd2 O-O 8. exd5
Nxd5 9. Qe2 Bg4 10. h3 Nd4 11. Qd1 Bxf3 12. Nxf3 Qd6 13. Re1 Bf6 0-1

[Event "AUTO-MASTER-53"]
[Site "http://www.queenalice.com/game.php?id=54263"]
[Date "2006.2.22"]
[Round "2"]
[White "Nephi_R"]
[Black "ovidiubar"]
[Result "1/2-1/2"]
[WhiteElo "1951"]
[BlackElo "1851"]

1. Nf3 g6 2. d4 Bg7 3. c4 Nf6 4. Nc3 d5 5. cxd5 Nxd5 6. e4 Nxc3 7. bxc3 c5 8.
Be3 O-O 9. h3 b6 10. Bc4 Bb7 11. e5 cxd4 12. cxd4 Bd5 13. Be2 Nc6 14. O-O f6 15.
exf6 Rxf6 16. Ne5 Rd6 17. Nxc6 Rxc6 18. Qd2 Rac8 19. Bd3 e6 20. Rfd1 a5 21. Qe2
Qh4 22. Rab1 a4 1/2-1/2

[Event "AUTO-MASTER-53"]
[Site "http://www.queenalice.com/game.php?id=54264"]
[Date "2006.2.22"]
[Round "2"]
[White "ovidiubar"]
[Black "Nephi_R"]
[Result "1/2-1/2"]
[WhiteElo "1848"]
[BlackElo "1957"]

1. g3 e6 2. Bg2 f5 3. e3 Nf6 4. Nf3 c5 5. c4 Nc6 6. Nc3 d5 7. cxd5 exd5 8. d4 c4
9. O-O Bd6 10. Ng5 Ne7 11. b3 h6 12. Nf3 cxb3 13. Qxb3 O-O 14. Ne5 Bxe5 15. dxe5
Ne4 16. Ba3 Nxc3 17. Qxc3 Be6 18. Qb4 Rf7 19. Qd6 Qxd6 20. exd6 Nc8 21. Rac1 Nb6
22. Rfd1 Rd7 23. Rc2 Nc4 24. Bb4 1/2-1/2